000 00606cam a2200145 4500500
005 20260208010215.0
041 _afre
042 _adc
100 1 0 _aAuraix-Jonchière, Pascale
_eauthor
245 0 0 _aPhilippe Berthier, Barbey d’Aurevilly et les humeurs de la biblio­thèque. Paris, Honoré Champion, 2014. Un vol. de 285 p.
260 _c2015.
500 _a12
786 0 _nRevue d'histoire littéraire de la France | 115 | 4 | 2015-12-18 | p. 979l-1022l | 0035-2411
856 4 1 _uhttps://shs.cairn.info/revue-d-histoire-litteraire-de-la-france-2015-4-page-979l?lang=fr&redirect-ssocas=7080
999 _c1655569
_d1655569